| 000 | 00682nam a22002417a 4500 | ||
|---|---|---|---|
| 003 | DO-SdBNP | ||
| 005 | 20240412074310.0 | ||
| 007 | ta | ||
| 008 | 220622b2019 dr ||||| |||| 00| 0 dr d | ||
| 020 | _a9993479837 | ||
| 040 |
_aDO-SdBNP _bspa _cBNPHU |
||
| 082 | 4 |
_aRD861.44 _bM377c 2019 _222 |
|
| 100 | 1 |
_aMartes, Cristhian _925504 |
|
| 245 | 1 | 0 |
_aCuando un hombre llora / _cCristhian Martes, Víctor Martes. |
| 250 | _a2a ed. | ||
| 260 |
_aSanto Domingo : _bBúho, _c2019. |
||
| 300 |
_a52 p. ; _c22 cm. |
||
| 590 | _aInventariado, 2022/BT | ||
| 650 | 4 |
_aPoesía dominicana _966 |
|
| 650 | 0 |
_aLiteratura dominicana. _967 |
|
| 700 | 1 |
_aMartes, Víctor _925505 |
|
| 942 |
_2ddc _cLBS1 |
||
| 999 |
_c52085 _d52085 |
||